| 000 | 00468 a2200193 4500 | ||
|---|---|---|---|
| 005 | 20260417125538.0 | ||
| 008 | 260417b |||||||| |||| 00| 0 eng d | ||
| 020 |
_a9781319128326 _c£ 76.99 |
||
| 040 | _aMAIN | ||
| 082 |
_a339 _bM31M(12) |
||
| 100 | _aMankiw, N Gregory | ||
| 245 | _aMacroeconomics | ||
| 250 | _a12th | ||
| 260 |
_bMacmillan Learing _c2025 _aNew York |
||
| 300 | _axxxi, 562 | ||
| 650 | _aEconomics | ||
| 650 | _aMacroeconomics | ||
| 942 | _cBK | ||
| 999 |
_c395937 _d395937 |
||